Childhood in society: for the early years

में बचाया:
ग्रंथसूची विवरण
मुख्य लेखक: MCDOWALL, Clark Rory
स्वरूप: पुस्तक
भाषा:अंग्रेज़ी
प्रकाशित: Sage Publications, 2016.
टैग: टैग जोड़ें
कोई टैग नहीं, इस रिकॉर्ड को टैग करने वाले पहले व्यक्ति बनें!

MARC

LEADER 00000nam a22000007a 4500
008 210819b ||||| |||| 00| 0 eng d
020 |a 978-1-4739-4455-8 
100 |a MCDOWALL, Clark Rory. 
245 |a Childhood in society:   |b for the early years  |c Rory McDowall Clark.  |g xiii, 184p.  
250 |b 3rd ed.  
260 |b Sage Publications,  |c  2016.   |h Los Angeles:   |i 692549   |i  692550  |l HQ781 .M14  |m Child development.  |m Socialization.  |m Child psychology. 
500 |a “It includes references and index”. 
942 |a lcc  |c BK  |e Adeniran, F. A.  |f 19/08/2021 
952 |0 0  |1 0  |2 lcc  |4 0  |6 HQ0781 M14  |7 0  |9 3126  |a HOL  |b SSL  |c GJ  |d 2021-08-19  |l 0  |o HQ781 .M14  |p 2021-66824  |r 2021-08-19 00:00:00  |w 2021-08-19  |y BK 
952 |0 0  |1 0  |2 lcc  |4 0  |6 HQ0781 M14  |7 0  |9 3127  |a HOL  |b HOL  |c GJ  |d 2021-08-19  |l 0  |o HQ781 .M14  |p 2021-66825  |r 2021-08-19 00:00:00  |w 2021-08-19  |y BK 
999 |c 1582  |d 1582